Color and Fire. Defining Moments in Studio Ceramics, 1950-2000. (Record no. 11000)

MARC details
000 -CABECERA
campo de control de longitud fija 01680nam a22003737a 4500
001 - NÚMERO DE CONTROL
campo de control BRCA_9378
003 - IDENTIFICADOR DEL NÚMERO DE CONTROL
campo de control FranzMayer
005 - FECHA Y HORA DE LA ÚLTIMA TRANSACCIÓN
campo de control 20230918123944.0
008 - DATOS DE LONGITUD FIJA--INFORMACIÓN GENERAL
campo de control de longitud fija 230901b |||||||| |||| 00| 0 eng d
020 ## - NÚMERO INTERNACIONAL ESTÁNDAR DEL LIBRO
Número Internacional Estándar del Libro 0847822540
040 ## - FUENTE DE LA CATALOGACIÓN
Centro catalogador/agencia de origen MFM
Lengua de catalogación español
Centro/agencia transcriptor MFM
050 #0 - SIGNATURA TOPOGRÁFICA DE LA BIBLIOTECA DEL CONGRESO
Número de clasificación NK3430
Número de documento/Ítem L33 2000
110 1# - ENTRADA PRINCIPAL--NOMBRE DE ENTIDAD CORPORATIVA
Código de función/relación Responsable
Nombre de entidad corporativa o nombre de jurisdicción como elemento de entrada Lacma
9 (RLIN) 29418
240 ## - TÍTULO UNIFORME
Título uniforme Color and Fire. Defining Moments in Studio Ceramics, 1950-2000.
Medio Selections from the Smiths Collection and Related Work at the Los Angeles County Museum of Art
Lenguaje de la obra English
245 0# - MENCIÓN DE TÍTULO
Título Color and Fire. Defining Moments in Studio Ceramics, 1950-2000.
Resto del título Selections from the Smiths Collection and Related Work at the Los Angeles County Museum of Art
260 ## - PUBLICACIÓN, DISTRIBUCIÓN, ETC.
Lugar de publicación, distribución, etc. Los Angeles, EE.UU.
Nombre del editor, distribuidor, etc. Los Angeles County Museum of Art
Fecha de publicación, distribución, etc. 2000
300 ## - DESCRIPCIÓN FÍSICA
Extensión 251 p
Otras características físicas Ilustraciones a color
Dimensiones 27 cm
500 ## - NOTA GENERAL
Nota general Anexo 1
500 ## - NOTA GENERAL
Nota general El libro se encuentra en tapa dura, con una sobrecubierta exterior.
505 ## - NOTA DE CONTENIDO CON FORMATO
Nota de contenido con formato Texto en: inglésIncluye índice temáticoIncluye bibliografíaDirigido a: artistas, artesanos e historiadores de arte.
650 1# - PUNTO DE ACCESO ADICIONAL DE MATERIA--TÉRMINO DE MATERIA
Fuente del encabezamiento o término Artes decorativas
Término de materia o nombre geográfico como elemento de entrada Artes industriales
Término de materia que sigue a un nombre geográfico como elemento de entrada Cerámica
9 (RLIN) 29419
651 2# - PUNTO DE ACCESO ADICIONAL DE MATERIA--NOMBRE GEOGRÁFICO
Fuente del encabezamiento o término Historia dela cerámica
Nombre geográfico Siglo XX
Subdivisión de forma 1950-2000
9 (RLIN) 29420
700 1# - PUNTO DE ACCESO ADICIONAL--NOMBRE DE PERSONA
Código de función/relación Responsable
Nombre de persona Lauria, Jo
9 (RLIN) 29421
700 1# - PUNTO DE ACCESO ADICIONAL--NOMBRE DE PERSONA
Código de función/relación Cont
Nombre de persona Adkins, Gretchen
9 (RLIN) 29422
700 1# - PUNTO DE ACCESO ADICIONAL--NOMBRE DE PERSONA
Código de función/relación Cont
Nombre de persona Clark, Garth
9 (RLIN) 29423
700 1# - PUNTO DE ACCESO ADICIONAL--NOMBRE DE PERSONA
Código de función/relación Cont
Nombre de persona Niederlander, Rebecca
9 (RLIN) 29424
700 1# - PUNTO DE ACCESO ADICIONAL--NOMBRE DE PERSONA
Código de función/relación Cont
Nombre de persona Peterson, Susana
9 (RLIN) 29425
700 1# - PUNTO DE ACCESO ADICIONAL--NOMBRE DE PERSONA
Código de función/relación Cont
Nombre de persona Selz, Peler
9 (RLIN) 29426
700 1# - PUNTO DE ACCESO ADICIONAL--NOMBRE DE PERSONA
Código de función/relación Edit
Nombre de persona Gray, Margaret
9 (RLIN) 29427
700 1# - PUNTO DE ACCESO ADICIONAL--NOMBRE DE PERSONA
Código de función/relación Diseñador
Nombre de persona Go, Katherine
9 (RLIN) 29428
700 1# - PUNTO DE ACCESO ADICIONAL--NOMBRE DE PERSONA
Código de función/relación Fot.
Nombre de persona Oliver, Steve
9 (RLIN) 29429
700 1# - PUNTO DE ACCESO ADICIONAL--NOMBRE DE PERSONA
Código de función/relación Prod.
Nombre de persona Ware-Zooi, Rachel
9 (RLIN) 29430
942 ## - ELEMENTOS DE PUNTO DE ACCESO ADICIONAL (KOHA)
Fuente del sistema de clasificación o colocación Library of Congress Classification
Tipo de ítem Koha Libros
Holdings
Estado de retiro Estado de pérdida Fuente del sistema de clasificación o colocación Estado dañado No para préstamo Código de colección Localización permanente Ubicación/localización actual Fecha de adquisición Total de préstamos Signatura topográfica completa Código de barras Fecha visto por última vez Precio válido a partir de Tipo de ítem Koha
El ejemplar forma parte de la colección y puede ser consultado según las políticas vigentes.   Library of Congress Classification     Fondo Contemporáneo Biblioteca del Museo Franz Mayer (Rogerio Casas-Alatriste) Biblioteca del Museo Franz Mayer (Rogerio Casas-Alatriste) 01/09/2023   NK3430 L33 2000 CONT10146 01/09/2023 01/09/2023 Libros